Procedimientos recaudatorios

Guardado en:
Detalles Bibliográficos
Autores principales: Rossy, H (Autor), Rossy, Mario (Autor)
Formato: Libro
Lenguaje:español
Publicado: Madrid Derecho Financiero 1958
Colección:Textos Fiscales Anotados, 4
Materias:
Etiquetas: Agregar Etiqueta
Sin Etiquetas, Sea el primero en etiquetar este registro!

MARC

LEADER 00000nam a2200000 a 4500
001 UCS0442
003 CL-VaPUC
008 970426e19580000SP |||||||||||||||||spa|d
082 0 4 |a 343.042  |b ROS  |2 21 
100 0 |a Rossy, H  |e author  |9 383944 
700 0 |a Rossy, Mario  |e author  |9 383945 
245 1 0 |a Procedimientos recaudatorios 
300 |a 1069 p 
942 |c BK 
945 |d 19970426 00:00:00  |a cmena 
260 |a Madrid  |b Derecho Financiero  |c 1958 
650 0 |a Impuestos  |9 255450 
650 7 |a POLITICA TRIBUTARIA  |2 CL-VaPUC  |9 383580 
650 0 |a Derecho administrativo  |9 254851 
650 0 |a Administración pública   |9 255343 
650 7 |a SISTEMA TRIBUTARIO  |2 CL-VaPUC  |9 383946 
650 7 |a JURISPRUDENCIA TRIBUTARIA  |2 CL-VaPUC  |9 369427 
650 7 |a DETERMINACION DEL IMPUESTO  |2 CL-VaPUC  |9 383524 
650 0 |a Derecho tributario  |9 258895 
650 7 |a COBRANZA TRIBUTARIA  |2 CL-VaPUC  |9 383947 
650 0 |a Obligaciones tributarias  |9 383518 
651 0 |a España  |9 254926 
583 |a last modification  |c 19970426 00:00:00  |k Rodrigo Vera 
490 0 |a Textos Fiscales Anotados, 4 
999 |c 258670  |d 258668 
952 |0 0  |1 0  |4 0  |6 343_042000000000000_ROS_1958  |7 0  |8 A  |9 282932  |a BIBDER  |b BIBDER  |d 2019-11-19  |i 1837486  |o 343.042 ROS 1958  |p 1837486  |r 2023-01-25  |w 2019-11-19  |y BK  |k DER